Normal view
MARC view
Entry Personal Name
001 - CONTROL NUMBER
- control field: 812887
003 - CONTROL NUMBER IDENTIFIER
- control field: OSt
005 - DATE AND TIME OF LATEST TRANSACTION
- control field: 20250614144428.0
008 - FIXED-LENGTH DATA ELEMENTS
- fixed length control field: 250614|| aca||aabn | a|a d
040 ## - CATALOGING SOURCE
- Original cataloging agency: OSt
- Transcribing agency: OSt
100 ## - HEADING--PERSONAL NAME
- Personal name: ਸੈਣੀ, ਸੰਜੀਵ ਸਿਂਘ
670 ## - SOURCE DATA FOUND
- Source citation: Work cat.: (OSt)1431742: ਸੈਣੀ, ਸੰਜੀਵ ਸਿਂਘ , ਖੂਬਸੂਰਤ ਜ਼ਿੰਦਗੀ ਦਾ ਰਾਜ਼ , 2024.
